Economic accounting and development planning: an introduction to general principles of accounting, input-output tables and national income accounts and their application to planning economic development, with special reference to the problems of tropical Africa/

محفوظ في:
التفاصيل البيبلوغرافية
المؤلف الرئيسي: Arkadie, Brian Van
مؤلفون آخرون: Russell, C.
التنسيق: كتاب
منشور في: New York: Oxford university press c1970.
الموضوعات:
الوسوم: إضافة وسم
لا توجد وسوم, كن أول من يضع وسما على هذه التسجيلة!

MARC

LEADER 00000nam a22000007a 4500
005 20251007113254.0
020 |a N/A  |c TZS 20,000/= 
040 |a MCCL  |b eng.  |e AACR 2nd rev. ed. 
082 |a 338.476 ARK 
100 |a Arkadie, Brian Van 
245 |a Economic accounting and development planning:  |b an introduction to general principles of accounting, input-output tables and national income accounts and their application to planning economic development, with special reference to the problems of tropical Africa/  |c Brian Van Arkadie and Charles R. Frank 
260 |a New York:  |b Oxford university press  |c c1970. 
300 |a xiii,387p.:  |b ill.;  |c 21 cm. 
546 |a eng. 
650 |a Accounting 
700 |a Russell, C. 
942 |c BK 
999 |c 12215  |d 12215